Statistics for JetPunk Country Type-ins: Countries with Just One Alternative Spelling

Click here to take the quiz!

General Stats

  • This quiz has been taken 24 times
    (22 since last reset)
  • The average score is 3 of 35

Answer Stats

TYPE-IN % Correct
Myanmar
41%
Bosnia
35%
Algerea
29%
PRC
24%
Brasil
24%
Sao Tome
24%
Fyrom
18%
Andora
18%
Columbia
18%
The Gambia
12%
The Ukraine
12%
Giunea
12%
Isreal
12%
Timor Leste
12%
The Czech Republic
6%
The Bahamas
6%
Ruanda
6%
Tunesia
6%
New Zeeland
6%
Hungery
6%
Jamiaca
6%
Belguim
6%
Tuvulu
6%
Nuaru
0%
Jorden
0%
Somoa
0%
Somolia
0%
Southern Sudan
0%
Gayana
0%
Ecaudor
0%
The Maldives
0%
The Marshall Islands
0%
Cabo Verde
0%
Tiawan
0%
Brunai
0%

Score Distribution

Percentile by Number Answered

Percent of People with Each Score

Your Score History

You have not taken this quiz since the last reset